000 00451nam a22001697a 4500
003 CEME
005 20210628210249.0
008 210216b xxu||||| |||| 00| 0 eng d
040 _c.
082 _a920 NEL
100 _aNelson Mandela Mohsan Farani
_978790
245 _aAzadi ki shahrah per
260 _aLAHORE
_bTAKHLEEQAT
_c1999
300 _a744P
650 _aNELSON MANDELA-AUTO BIOGRAPHY BIOGRAPHY-NELSON MANDELA
_978791
942 _cBK
_2ddc
999 _c583867
_d583867